Journal of hospitality and tourism
Αποθηκεύτηκε σε:
| Άλλοι συγγραφείς: | |
|---|---|
| Μορφή: | Περιοδική έκδοση |
| Γλώσσα: | English |
| Δημοσίευση: |
Jhansi, India :
Culture & Environment Conservation Society, Bundelkhand University Campus,
[19--]-
|
| Θέματα: | |
| Ετικέτες: |
Προσθήκη ετικέτας
Δεν υπάρχουν, Καταχωρήστε ετικέτα πρώτοι!
|
MARC
| LEADER | 00000nas a2200000 i 4500 | ||
|---|---|---|---|
| 001 | 1/62401 | ||
| 008 | 041011c19 9999us eng | ||
| 022 | |a 09727787 | ||
| 035 | |l 10074645 | ||
| 040 | |a GR-MY-UA |b gre |e aacr | ||
| 041 | 0 | |a eng | |
| 082 | 0 | |a 647.94 | |
| 245 | 1 | 0 | |a Journal of hospitality and tourism |h [περιοδικό] / |c editor: Mukesh Ranga. |
| 260 | |a Jhansi, India : |b Culture & Environment Conservation Society, |b Bundelkhand University Campus, |c [19--]- | ||
| 300 | |a v.; |b tables; |c 24 cm | ||
| 650 | 0 | 0 | |a Hospitality industry |x Management |x Periodicals. |
| 650 | 0 | 0 | |a Tourism |x Management |x Periodicals. |
| 700 | 1 | |a Ranga, Mukesh |d 1969- | |
| 853 | |a INST |b CHIOS |c SER |h 647.94 | ||
| 901 | |a BIBL2-2004-3 | ||
| 922 | |a 2ΕΛΗ |b 200410 |c ΚΕΝΤΡΙΚΗ ΒΙΒΛΙΟΘΗΚΗ |d SWETS | ||
| 970 | |a ΣΑΛΑΜΟΥΡΑ |b ΜΑΡΙΑ |z 2004/10/11 | ||